|
|
|
|
| LEADER |
00000caa a22000002c 4500 |
| 001 |
1133592902 |
| 003 |
DE-627 |
| 005 |
20220611135226.0 |
| 007 |
tu |
| 008 |
980120s1997 xx ||||| 00| ||ger c |
| 020 |
|
|
|a 3704610704
|
| 035 |
|
|
|a (DE-627)1133592902
|
| 035 |
|
|
|a (DE-576)063592908
|
| 035 |
|
|
|a (DE-599)BSZ063592908
|
| 040 |
|
|
|a DE-627
|b ger
|c DE-627
|e rakwb
|
| 041 |
|
|
|a ger
|
| 100 |
1 |
|
|a Jesionek, Udo
|d 1937-
|0 (DE-588)124537472
|0 (DE-627)363405747
|0 (DE-576)161589146
|4 aut
|
| 109 |
|
|
|a Jesionek, Udo 1937-
|
| 245 |
1 |
4 |
|a Die Stellung des Opfers im österreichischen Strafprozeß
|c Udo Jesionek
|
| 264 |
|
1 |
|c 1997
|
| 300 |
|
|
|a S. [239] - 258
|
| 336 |
|
|
|a Text
|b txt
|2 rdacontent
|
| 337 |
|
|
|a ohne Hilfsmittel zu benutzen
|b n
|2 rdamedia
|
| 338 |
|
|
|a Band
|b nc
|2 rdacarrier
|
| 689 |
0 |
0 |
|d g
|0 (DE-588)4043271-3
|0 (DE-627)10420317X
|0 (DE-576)209054964
|a Österreich
|2 gnd
|
| 689 |
0 |
1 |
|d s
|0 (DE-588)4116634-6
|0 (DE-627)105805297
|0 (DE-576)209503203
|a Strafverfahren
|2 gnd
|
| 689 |
0 |
2 |
|d s
|0 (DE-588)4078782-5
|0 (DE-627)106076329
|0 (DE-576)20921001X
|a Verbrechensopfer
|2 gnd
|
| 689 |
0 |
|
|5 (DE-627)
|
| 773 |
0 |
8 |
|i In
|t Festschrift für Reinhard Moos zum 65. Geburtstag
|d Wien : Verlag Österreich, 1997
|g (1997), Seite [239] - 258
|h 368 S.
|w (DE-627)293145733
|w (DE-576)059114665
|z 3704610704
|7 nnam
|
| 773 |
1 |
8 |
|g year:1997
|g pages:[239] - 258
|
| 935 |
|
|
|a mkri
|
| 951 |
|
|
|a AR
|
| ELC |
|
|
|b 1
|
| ORI |
|
|
|a SA-MARC-krimdok_oa001.raw
|
| TIM |
|
|
|a 000000000000_100018671231
|b - 1867
|